Statistics for Phone Company Logos

Click here to take the quiz!

General Stats

  • This quiz has been taken 81 times
  • The average score is 7 of 16

Answer Stats

Answer% Correct
Apple
100%
Samsung (Galaxy)
100%
Nokia
99%
LG
88%
Motorola
72%
AT & T
54%
Huawei
53%
Xiaomi
49%
Blackberry
46%
Kyocera
1%
Allview
0%
Beeline
0%
Gradiente
0%
Jablotron
0%
Thuraya
0%
Walton
0%

Score Distribution

Percentile by Number Answered

Percent of People with Each Score

Your Score History

You have not taken this quiz